[Event "MVP-ch Seniors op 19th"]
[Site "Ostseebad Binz"]
[Date "2019.12.04"]
[Round "8"]
[White "Budde, Reinhard"]
[Black "Farel, Edgard"]
[Result "1/2-1/2"]
[WhiteElo "1773"]
[BlackElo "1609"]
[PlyCount "26"]
[EventDate "2019.11.27"]
[EventType "swiss"]
[EventRounds "9"]
[EventCountry "GER"]
[SourceTitle "EXT 2021"]
[Source "ChessBase"]
[SourceDate "2020.10.23"]
[SourceVersion "1"]
[SourceVersionDate "2020.10.23"]
[SourceQuality "1"]

1. e4 c5 2. Nf3 d6 3. d4 cxd4 4. Nxd4 Nf6 5. Nc3 a6 6. Bd3 e5 7. h3 exd4 8. Ne2 Nc6 9. Nxd4 Ne5 10. 0-0 d5 11. Be3 Be7 12. a3 Nxd3 13. Qxd3 0-0 1/2-1/2

[Event "MVP-ch Seniors op 19th"]
[Site "Ostseebad Binz"]
[Date "2019.12.03"]
[Round "7"]
[White "Lewald, Stephan"]
[Black "Budde, Reinhard"]
[Result "1-0"]
[WhiteElo "1908"]
[BlackElo "1773"]
[PlyCount "23"]
[EventDate "2019.11.27"]
[EventType "swiss"]
[EventRounds "9"]
[EventCountry "GER"]
[SourceTitle "EXT 2021"]
[Source "ChessBase"]
[SourceDate "2020.10.23"]
[SourceVersion "1"]
[SourceVersionDate "2020.10.23"]
[SourceQuality "1"]

1. e4 e5 2. Nf3 Nc6 3. d4 exd4 4. Bc4 Be7 5. c3 dxc3 6. Qd5 Nh6 7. Bxh6 0-0 8. Nxc3 Nb4 9. Qd2 gxh6 10. a3 Nc6 11. Qxh6 d6 12. h4 1-0

[Event "MVP-ch Seniors op 19th"]
[Site "Ostseebad Binz"]
[Date "2019.12.01"]
[Round "5"]
[White "Krause, Werner"]
[Black "Budde, Reinhard"]
[Result "1/2-1/2"]
[WhiteElo "1606"]
[BlackElo "1773"]
[PlyCount "44"]
[EventDate "2019.11.27"]
[EventType "swiss"]
[EventRounds "9"]
[EventCountry "GER"]
[SourceTitle "EXT 2021"]
[Source "ChessBase"]
[SourceDate "2020.10.23"]
[SourceVersion "1"]
[SourceVersionDate "2020.10.23"]
[SourceQuality "1"]

1. e4 e5 2. Nf3 Nc6 3. d4 exd4 4. c3 dxc3 5. Nxc3 d6 6. Bc4 Be7 7. Qb3 Bf6 8. Bxf7+ Kf8 9. Bxg8 Rxg8 10. 0-0 Na5 11. Qc2 Nc6 12. Nd5 Bg4 13. Qd3 Bxf3 14. Qxf3 Ne5 15. Qf5 c6 16. Nxf6 Qxf6 17. Qxf6+ gxf6 18. f4 Ng6 19. Bd2 Ke7 20. Bc3 Raf8 21. Rae1 Kd7 22. Rd1 Kc7 1/2-1/2

[Event "MVP-ch Seniors op 19th"]
[Site "Ostseebad Binz"]
[Date "2019.11.27"]
[Round "1"]
[White "Pruesse, Horst"]
[Black "Budde, Reinhard"]
[Result "1-0"]
[WhiteElo "2070"]
[BlackElo "1773"]
[PlyCount "43"]
[EventDate "2019.11.27"]
[EventType "swiss"]
[EventRounds "9"]
[EventCountry "GER"]
[SourceTitle "EXT 2021"]
[Source "ChessBase"]
[SourceDate "2020.10.23"]
[SourceVersion "1"]
[SourceVersionDate "2020.10.23"]
[SourceQuality "1"]

1. e4 e5 2. d4 exd4 3. c3 dxc3 4. Bc4 d6 5. Nf3 Be7 6. Qb3 Nc6 7. Bxf7+ Kf8 8. Bxg8 Rxg8 9. Nxc3 Na5 10. Qd5 c6 11. Qh5 Rh8 12. Ng5 Bxg5 13. Bxg5 Qc7 14. 0-0 Be6 15. b3 Bf7 16. Qf3 h6 17. Bf4 Re8 18. Rac1 Kg8 19. Nb5 Qe7 20. Nxd6 Rd8 21. Nf5 Qf6 22. Bc7 1-0

[Event "Bad Woerishofen Seniors op 24th"]
[Site "Bad Woerishofen"]
[Date "2008.03.03"]
[Round "5"]
[White "Mahrla, Hans"]
[Black "Budde, Reinhard"]
[Result "1-0"]
[WhiteElo "1666"]
[BlackElo "1558"]
[PlyCount "63"]
[EventDate "2008.02.28"]
[EventType "swiss"]
[EventRounds "9"]
[EventCountry "GER"]
[SourceTitle "EXT 2022"]
[Source "ChessBase"]
[SourceDate "2021.10.06"]
[SourceVersion "1"]
[SourceVersionDate "2021.10.06"]
[SourceQuality "1"]

1. e4 e5 2. Nf3 Nc6 3. d4 exd4 4. Nxd4 Nxd4 5. Qxd4 d6 6. Nc3 a6 7. Be3 Bd7 8. Be2 c5 9. Qd2 Nf6 10. Bf4 Qc7 11. Rd1 Rd8 12. Bxd6 Bxd6 13. Qxd6 Qxd6 14. Rxd6 0-0 15. 0-0 Ne8 16. Rd2 Nc7 17. Rfd1 Ne6 18. Rxd7 Nd4 19. Rxd8 Rxd8 20. Bd3 b5 21. Nd5 f5 22. f3 fxe4 23. Bxe4 Kf7 24. Kf2 Ke6 25. c3 Nc6 26. Nc7+ Ke7 27. Rxd8 Nxd8 28. Nxa6 Kd6 29. Bxh7 Kc6 30. b4 cxb4 31. Nxb4+ Kc5 32. Bd3 1-0

[Event "Bad Woerishofen Seniors op 24th"]
[Site "Bad Woerishofen"]
[Date "2008.03.01"]
[Round "3"]
[White "Richter, Gerhard"]
[Black "Budde, Reinhard"]
[Result "1-0"]
[WhiteElo "1742"]
[BlackElo "1558"]
[PlyCount "71"]
[EventDate "2008.02.28"]
[EventType "swiss"]
[EventRounds "9"]
[EventCountry "GER"]
[SourceTitle "EXT 2022"]
[Source "ChessBase"]
[SourceDate "2021.10.06"]
[SourceVersion "1"]
[SourceVersionDate "2021.10.06"]
[SourceQuality "1"]

1. e4 e5 2. Nf3 Nc6 3. Bb5 a6 4. Ba4 Nf6 5. d3 Be7 6. Bxc6 bxc6 7. Nxe5 0-0 8. 0-0 Bb7 9. Nc3 d5 10. Ng4 dxe4 11. Nxf6+ Bxf6 12. Nxe4 Be7 13. Be3 Qd5 14. Nc3 Qd7 15. Qf3 Rab8 16. Rab1 c5 17. Qg3 Bd6 18. Bf4 Rfe8 19. Bxd6 cxd6 20. Rfe1 Ba8 21. b3 Re6 22. Rxe6 Qxe6 23. f3 Re8 24. Kf1 Qf6 25. Re1 Rxe1+ 26. Qxe1 Kf8 27. a4 Qf4 28. Kg1 Qd4+ 29. Kh1 Qb4 30. h3 Bd5 31. Qd2 Be6 32. Ne4 Qd4 33. Qa5 g6 34. Qd8+ Kg7 35. Qxd6 Qa1+ 36. Kh2 1-0

[Event "Bad Woerishofen Seniors op 24th"]
[Site "Bad Woerishofen"]
[Date "2008.02.28"]
[Round "1"]
[White "Fleckner, Hans"]
[Black "Budde, Reinhard"]
[Result "1/2-1/2"]
[WhiteElo "1845"]
[BlackElo "1558"]
[PlyCount "52"]
[EventDate "2008.02.28"]
[EventType "swiss"]
[EventRounds "9"]
[EventCountry "GER"]
[SourceTitle "EXT 2022"]
[Source "ChessBase"]
[SourceDate "2021.10.06"]
[SourceVersion "1"]
[SourceVersionDate "2021.10.06"]
[SourceQuality "1"]

1. e4 e5 2. Nf3 Nc6 3. Bb5 a6 4. Ba4 Nf6 5. 0-0 Be7 6. Re1 b5 7. Bb3 0-0 8. c3 d6 9. h3 Bb7 10. d3 Na5 11. Bc2 c5 12. Nbd2 Rc8 13. Nf1 Re8 14. Ng3 g6 15. Bh6 Bf8 16. Qd2 Kh8 17. b4 cxb4 18. cxb4 Nc6 19. Bb3 Qd7 20. Ng5 Nd8 21. Bxf8 Rxf8 22. f4 h6 23. fxe5 Ng8 24. Nf3 dxe5 25. Qe3 Qd6 26. Rac1 Ne6 1/2-1/2

[Event "Bad Woerishofen Seniors opA 23rd"]
[Site "Bad Woerishofen"]
[Date "2007.03.14"]
[Round "7"]
[White "Lang, Hermann"]
[Black "Budde, Reinhard"]
[Result "1-0"]
[WhiteElo "1718"]
[BlackElo "1553"]
[PlyCount "83"]
[EventDate "2007.03.08"]
[EventType "swiss"]
[EventRounds "9"]
[EventCountry "GER"]
[SourceTitle "EXT 2022"]
[Source "ChessBase"]
[SourceDate "2021.10.06"]
[SourceVersion "1"]
[SourceVersionDate "2021.10.06"]
[SourceQuality "1"]

1. c4 g6 2. Nf3 Nf6 3. Nc3 Bg7 4. g3 0-0 5. Bg2 c6 6. 0-0 d6 7. d3 Re8 8. Rb1 e5 9. h3 Nbd7 10. b4 a6 11. Nd2 Qc7 12. Qb3 Rb8 13. a4 a5 14. bxa5 Qxa5 15. Nde4 Qc7 16. Ba3 Nxe4 17. Nxe4 Bf8 18. Rfc1 Kg7 19. c5 dxc5 20. Bxc5 Bxc5 21. Nxc5 Nxc5 22. Rxc5 Be6 23. Qc3 Bd7 24. a5 Ra8 25. Rcb5 Bc8 26. Rb6 Qd6 27. e3 Bf5 28. Rd1 Kf8 29. Rxb7 e4 30. d4 Qd5 31. Ra1 Qe6 32. Qc5+ Kg7 33. g4 Qc8 34. Rb6 Bd7 35. a6 Rb8 36. a7 Rxb6 37. Qxb6 Qa8 38. Qc5 Qb7 39. Qa5 Qa8 40. Qc7 Qc8 41. Qxc8 Rxc8 42. a8Q 1-0

[Event "Lipperland Seniors op 4th"]
[Site "Doerentrup"]
[Date "2005.05.31"]
[Round "6.9"]
[White "Boeven, Manfred"]
[Black "Budde, Reinhard"]
[Result "1-0"]
[WhiteElo "2151"]
[BlackElo "1504"]
[PlyCount "63"]
[EventDate "2005.05.26"]
[EventType "swiss"]
[EventRounds "9"]
[EventCountry "GER"]
[SourceTitle "EXT 2006"]
[Source "ChessBase"]
[SourceDate "2005.11.24"]
[SourceVersion "1"]
[SourceVersionDate "2005.11.24"]
[SourceQuality "1"]

1. d4 Nf6 2. Nc3 g6 3. e4 d6 4. f4 Bg7 5. Nf3 c6 6. Bd3 Qa5 7. Be3 Bg4 8. h3 Qh5 9. Rf1 Bxf3 10. Rxf3 Qa5 11. Qd2 0-0 12. 0-0-0 b5 13. Kb1 Nbd7 14. e5 dxe5 15. dxe5 Ne8 16. Bxg6 Nxe5 17. Bxh7+ Kxh7 18. fxe5 Bxe5 19. Bd4 Rd8 20. Qf2 b4 21. Qh4+ Kg8 22. Qg5+ Ng7 23. Bxe5 f6 24. Bxf6 Qxg5 25. Bxg5 bxc3 26. Rxd8 Rxd8 27. Rxc3 Rd1+ 28. Bc1 e5 29. b3 Nf5 30. Kb2 e4 31. g4 e3 32. Bxe3 1-0

[Event "Bad Woerishofen Seniors op 19th"]
[Site "Bad Woerishofen"]
[Date "2003.03.21"]
[Round "9"]
[White "Xander, Karl"]
[Black "Budde, Reinhard"]
[Result "1-0"]
[WhiteElo "2004"]
[BlackElo "1621"]
[PlyCount "101"]
[EventDate "2003.03.13"]
[EventType "swiss"]
[EventRounds "9"]
[EventCountry "GER"]
[SourceTitle "EXT 2004"]
[Source "ChessBase"]
[SourceDate "2003.11.25"]
[SourceVersion "1"]
[SourceVersionDate "2003.11.25"]
[SourceQuality "1"]

1. e4 c5 2. Nf3 d6 3. d4 cxd4 4. Nxd4 Nf6 5. Nc3 a6 6. Bc4 e6 7. Be3 Be7 8. a4 Nbd7 9. 0-0 Ne5 10. Be2 0-0 11. f4 Nc6 12. g4 Nxd4 13. Bxd4 e5 14. Be3 exf4 15. Rxf4 Be6 16. Nd5 Bxd5 17. exd5 Nd7 18. Rb4 Bf6 19. Rxb7 Be5 20. Bf2 Nc5 21. Rb4 a5 22. Rb5 Qf6 23. Ra3 Ne4 24. Rf3 Qh6 25. Bg3 Nxg3 26. hxg3 Qg5 27. Rbb3 Rab8 28. Rf5 Qe7 29. Bb5 Qa7+ 30. Kg2 Qc5 31. Qd3 g6 32. Rf1 Rbc8 33. c3 Qa7 34. Rh1 f5 35. Bc6 Rc7 36. gxf5 Rxf5 37. Rf1 Rxf1 38. Qxf1 Rf7 39. Qe2 Qe7 40. Rb7 Qf6 41. Rxf7 Qxf7 42. Qf3 Qxf3+ 43. Kxf3 Kf7 44. g4 Kf6 45. Ke4 h5 46. gxh5 gxh5 47. Bd7 Kg5 48. Kd3 Kf4 49. b4 axb4 50. cxb4 h4 51. a5 1-0

[Event "Bad Woerishofen Seniors op 19th"]
[Site "Bad Woerishofen"]
[Date "2003.03.15"]
[Round "3"]
[White "Stumpf, Walter"]
[Black "Budde, Reinhard"]
[Result "1-0"]
[WhiteElo "1996"]
[BlackElo "1621"]
[PlyCount "99"]
[EventDate "2003.03.13"]
[EventType "swiss"]
[EventRounds "9"]
[EventCountry "GER"]
[SourceTitle "EXT 2004"]
[Source "ChessBase"]
[SourceDate "2003.11.25"]
[SourceVersion "1"]
[SourceVersionDate "2003.11.25"]
[SourceQuality "1"]

1. d4 Nf6 2. Nf3 e6 3. Bg5 h6 4. Bh4 Be7 5. e3 d5 6. c4 dxc4 7. Bxc4 Bd7 8. 0-0 0-0 9. Nc3 c6 10. Qc2 b5 11. Be2 Bc8 12. Rac1 Bb7 13. Rfd1 Nd5 14. Bg3 Nd7 15. e4 Nxc3 16. Qxc3 Nf6 17. Qc2 a6 18. Ne5 Qa5 19. f3 Rac8 20. Be1 Qb6 21. Bf2 Qc7 22. Nd3 Nh5 23. g3 Nf6 24. Nc5 Nh7 25. f4 Nf6 26. Bf3 Rfd8 27. a3 Nd7 28. Nxd7 Rxd7 29. b4 a5 30. Qc3 a4 31. e5 Qb8 32. Be4 Rdd8 33. Qe1 Qa8 34. Qe2 c5 35. Bxb7 Qxb7 36. dxc5 Rxd1+ 37. Rxd1 Qc6 38. Rd3 Kf8 39. h4 Rd8 40. Rxd8+ Bxd8 41. Qd3 Be7 42. Kh2 f5 43. Kg1 Ke8 44. Kf1 Qd7 45. Qf3 Qd5 46. Qxd5 exd5 47. h5 Kd7 48. Ke2 Kc6 49. Bd4 Bf8 50. Kf3 1-0

[Event "Bad Woerishofen Seniors op 19th"]
[Site "Bad Woerishofen"]
[Date "2003.03.13"]
[Round "1"]
[White "Schneider, Miloca"]
[Black "Budde, Reinhard"]
[Result "1-0"]
[WhiteElo "2049"]
[BlackElo "1621"]
[PlyCount "73"]
[EventDate "2003.03.13"]
[EventType "swiss"]
[EventRounds "9"]
[EventCountry "GER"]
[SourceTitle "EXT 2004"]
[Source "ChessBase"]
[SourceDate "2003.11.25"]
[SourceVersion "1"]
[SourceVersionDate "2003.11.25"]
[SourceQuality "1"]

1. d4 Nf6 2. c4 g6 3. Nc3 Bg7 4. e4 d6 5. f4 e5 6. d5 0-0 7. fxe5 dxe5 8. Nf3 Bg4 9. Be2 Nbd7 10. Be3 a6 11. 0-0 Qe7 12. Qc2 Bxf3 13. Bxf3 c6 14. dxc6 bxc6 15. Rad1 Nc5 16. b4 Ne6 17. c5 Rfd8 18. Ne2 Qb7 19. a3 Qb5 20. Nc3 Qb7 21. Na4 Nd4 22. Bxd4 exd4 23. Nb6 Rab8 24. Nc4 Qe7 25. e5 Ne8 26. Bxc6 Qg5 27. Qe4 f5 28. exf6 Bxf6 29. Qe6+ Kg7 30. Qe4 Rbc8 31. Ba4 Rc7 32. Qf4 Re7 33. Bxe8 Rexe8 34. Qc7+ Kh6 35. Rf3 Re4 36. Nd6 Qd5 37. Nxe4 1-0

[Event "Wch Seniors 13th"]
[Site "Bad Zwischenahn"]
[Date "2003.??.??"]
[Round "?"]
[White "Budde, Reinhard"]
[Black "Filzmaier, Bruno"]
[Result "0-1"]
[WhiteElo "1930"]
[BlackElo "1780"]
[PlyCount "76"]
[EventDate "2003.11.16"]
[EventType "swiss"]
[EventRounds "11"]
[EventCountry "GER"]
[SourceTitle "CBM 097 Extra"]
[Source "ChessBase"]
[SourceDate "2004.01.13"]
[SourceVersion "1"]
[SourceVersionDate "2004.01.13"]
[SourceQuality "1"]

1. e4 e6 2. d4 d5 3. Nd2 dxe4 4. Nxe4 Nf6 5. Bd3 Nbd7 6. Nf3 Nxe4 7. Bxe4 Nf6 8. Bd3 Bd6 9. 0-0 0-0 10. Bg5 h6 11. Bxf6 Qxf6 12. c3 b6 13. Qe2 Bb7 14. Be4 Bxe4 15. Qxe4 c5 16. Rad1 Rad8 17. a3 cxd4 18. cxd4 Bb8 19. Rfe1 Rd5 20. Qh4 Qxh4 21. Nxh4 Rfd8 22. Nf3 e5 23. Re4 f5 24. Ree1 e4 25. Nh4 g5 26. Nxf5 Rxf5 27. Rxe4 Rfd5 28. g3 Be5 29. Kf1 Bxd4 30. b3 Kf7 31. Ke2 Bc3 32. Rxd5 Rxd5 33. Re3 Re5 34. f3 Rxe3+ 35. Kxe3 Ke6 36. a4 a6 37. h3 Be1 38. g4 Ke5 0-1

[Event "Wch Seniors 13th"]
[Site "Bad Zwischenahn"]
[Date "2003.??.??"]
[Round "?"]
[White "Budde, Reinhard"]
[Black "Langmann, Claus"]
[Result "0-1"]
[WhiteElo "1930"]
[BlackElo "1845"]
[PlyCount "96"]
[EventDate "2003.11.16"]
[EventType "swiss"]
[EventRounds "11"]
[EventCountry "GER"]
[SourceTitle "CBM 097 Extra"]
[Source "ChessBase"]
[SourceDate "2004.01.13"]
[SourceVersion "1"]
[SourceVersionDate "2004.01.13"]
[SourceQuality "1"]

1. e4 c5 2. Nf3 Nc6 3. d4 cxd4 4. Nxd4 Nf6 5. Nc3 e5 6. Nxc6 bxc6 7. Bd3 Rb8 8. Rb1 Bb4 9. Bd2 0-0 10. 0-0 d5 11. exd5 cxd5 12. a3 Bd6 13. Bg5 Bb7 14. f3 a6 15. Qe2 h6 16. Bxf6 Qxf6 17. Kh1 Bc7 18. Nd1 Rfe8 19. Ne3 h5 20. c4 e4 21. fxe4 Qe5 22. g3 dxc4 23. Nxc4 Bxe4+ 24. Qxe4 Qxe4+ 25. Bxe4 Rxe4 26. Nd2 Re2 27. Nc4 h4 28. Rf3 hxg3 29. hxg3 Rb5 30. Kg1 Rh5 31. Rbf1 Bb8 32. R1f2 Re1+ 33. Rf1 Ba7+ 34. Kg2 Re2+ 35. R1f2 Bxf2 36. Rxf2 Rh2+ 37. Kxh2 Rxf2+ 38. Kh3 Rc2 39. b3 Rc3 40. Na5 Kf8 41. Kg4 Ke7 42. Kf4 Ke6 43. g4 Kd5 44. Kf5 Kd4 45. Kf4 Rc7 46. g5 Kc3 47. b4 Kb2 48. a4 Ka3 0-1

[Event "Bad Woerishofen Seniors op 18th"]
[Site "Bad Woerishofen"]
[Date "2002.03.07"]
[Round "1"]
[White "Budde, Reinhard"]
[Black "Mantzouneas, Nikolaos"]
[Result "0-1"]
[WhiteElo "1598"]
[BlackElo "1865"]
[PlyCount "112"]
[EventDate "2002.03.??"]
[EventType "swiss"]
[EventRounds "9"]
[EventCountry "GER"]
[SourceTitle "EXT 2006"]
[Source "ChessBase"]
[SourceDate "2005.11.24"]
[SourceVersion "1"]
[SourceVersionDate "2005.11.24"]
[SourceQuality "1"]

1. e4 c5 2. Nf3 d6 3. d4 cxd4 4. Nxd4 Nf6 5. Nc3 a6 6. Be2 e5 7. Nb3 Be6 8. Be3 Nbd7 9. 0-0 Be7 10. f4 Rc8 11. Nd2 exf4 12. Rxf4 Ne5 13. a3 0-0 14. Rc1 Nfd7 15. Rf1 Bg5 16. Bf2 Nc4 17. Bxc4 Bxc4 18. Re1 Ne5 19. Rb1 b5 20. Nf1 Bxf1 21. Kxf1 Nc4 22. Re2 Nxb2 23. Rxb2 Rxc3 24. Rb3 Rxb3 25. cxb3 Bf4 26. g3 Be5 27. Rd2 Qf6 28. Kg1 Qg6 29. Qf3 Qe6 30. Rc2 g6 31. Rc6 Rc8 32. Rxc8+ Qxc8 33. Qe3 Qc3 34. Qxc3 Bxc3 35. Kf1 f6 36. Ke2 Bb2 37. a4 bxa4 38. bxa4 Kf7 39. g4 Ke6 40. Kd3 d5 41. exd5+ Kxd5 42. h3 f5 43. gxf5 gxf5 44. h4 h5 45. Be1 Be5 46. Ke3 Kc4 47. Kf3 Kb3 48. a5 Kc4 49. Bf2 Kd5 50. Be3 Bc7 51. Bd2 Kc4 52. Be1 Kb5 53. Bd2 Bxa5 54. Bxa5 Kxa5 55. Kf4 Kb4 56. Kxf5 a5 0-1

[Event "Bad Woerishofen Seniors op 17th"]
[Site "Bad Woerishofen"]
[Date "2001.03.23"]
[Round "9"]
[White "Schratzenstaller, Andreas"]
[Black "Budde, Reinhard"]
[Result "1/2-1/2"]
[WhiteElo "1756"]
[BlackElo "1688"]
[PlyCount "104"]
[EventDate "2001.03.??"]
[EventType "swiss"]
[EventRounds "9"]
[EventCountry "GER"]
[SourceTitle "EXT 2002"]
[Source "ChessBase"]
[SourceDate "2001.11.25"]
[SourceVersion "1"]
[SourceVersionDate "2001.11.25"]
[SourceQuality "1"]

1. c4 Nf6 2. Nc3 g6 3. g3 Bg7 4. Bg2 0-0 5. Nf3 d6 6. 0-0 c6 7. d4 Nbd7 8. b3 Re8 9. Bb2 a6 10. Re1 Rb8 11. e4 e5 12. dxe5 dxe5 13. Re2 Qc7 14. Rd2 Nc5 15. Qe1 Bh6 16. Rdd1 Bg4 17. h3 Bxf3 18. Bxf3 Rbd8 19. b4 Nd3 20. Qe2 Nxb2 21. Qxb2 Bg7 22. Ne2 Qc8 23. Bg2 Qe6 24. Qc2 Nd7 25. c5 Nf6 26. a3 Qe7 27. h4 h5 28. f3 Qc7 29. Bh3 b6 30. Kg2 bxc5 31. Qxc5 Bf8 32. Qc4 Qb6 33. Qc3 c5 34. Qe3 Qb5 35. Nc3 Qc4 36. Rac1 Qb3 37. Rb1 Qc2+ 38. Kh1 cxb4 39. axb4 Bxb4 40. Nd5 Nxd5 41. exd5 a5 42. Rbc1 Qa4 43. g4 Rc8 44. gxh5 Rxc1 45. Rxc1 Qa3 46. Qxa3 Bxa3 47. Ra1 Bb4 48. hxg6 fxg6 49. Rg1 Kh7 50. Be6 Rf8 51. Kg2 a4 52. Rb1 Rf4 1/2-1/2

[Event "Bad Woerishofen Seniors op 17th"]
[Site "Bad Woerishofen"]
[Date "2001.03.20"]
[Round "6"]
[White "Weber, Siegfried1111"]
[Black "Budde, Reinhard"]
[Result "1/2-1/2"]
[WhiteElo "1587"]
[BlackElo "1688"]
[PlyCount "70"]
[EventDate "2001.03.??"]
[EventType "swiss"]
[EventRounds "9"]
[EventCountry "GER"]
[SourceTitle "EXT 2002"]
[Source "ChessBase"]
[SourceDate "2001.11.25"]
[SourceVersion "1"]
[SourceVersionDate "2001.11.25"]
[SourceQuality "1"]

1. e4 e5 2. Nf3 Nc6 3. Bc4 h6 4. d4 exd4 5. Nxd4 Ne5 6. Be2 d6 7. f4 Ng6 8. c4 c5 9. Nf3 Be7 10. Nc3 Nf6 11. 0-0 0-0 12. Qc2 Bd7 13. Bd2 Qc7 14. h3 a6 15. a4 Rab8 16. b3 Bc6 17. Nh2 Bd7 18. Be1 Qc8 19. Qd3 Qd8 20. Kh1 Bc6 21. Bg3 Qc7 22. Bf3 b6 23. Rae1 Nd7 24. Qe3 Bf6 25. Nd5 Bxd5 26. exd5 Bd4 27. Qd3 Nf6 28. Ng4 Nxg4 29. Bxg4 Rbe8 30. Re4 Qd8 31. Rfe1 Rxe4 32. Qxe4 Qf6 33. Bh5 Nh8 34. Bg4 Ng6 35. Bh5 Nh8 1/2-1/2

[Event "Bad Woerishofen Seniors op 17th"]
[Site "Bad Woerishofen"]
[Date "2001.03.19"]
[Round "5"]
[White "Budde, Reinhard"]
[Black "Krueger, Manfred"]
[Result "1-0"]
[WhiteElo "1688"]
[BlackElo "1700"]
[PlyCount "68"]
[EventDate "2001.03.??"]
[EventType "swiss"]
[EventRounds "9"]
[EventCountry "GER"]
[SourceTitle "EXT 2002"]
[Source "ChessBase"]
[SourceDate "2001.11.25"]
[SourceVersion "1"]
[SourceVersionDate "2001.11.25"]
[SourceQuality "1"]

1. e4 e5 2. Nf3 Nc6 3. Bb5 a6 4. Ba4 b5 5. Bb3 Bc5 6. 0-0 Nf6 7. c3 d6 8. d4 exd4 9. cxd4 Ba7 10. e5 dxe5 11. dxe5 Qxd1 12. Rxd1 Ne4 13. Rf1 Nc5 14. Bd5 Bd7 15. Be3 0-0 16. Ng5 h6 17. Nf3 Bb6 18. Nc3 Rab8 19. Rad1 Ne7 20. Bxc5 Bxc5 21. Bxf7+ Rxf7 22. Rxd7 c6 23. Ne4 Bb4 24. a3 Rf4 25. axb4 Rxe4 26. Rxe7 Rxb4 27. Rc7 Rc4 28. e6 Re8 29. Re1 g5 30. h3 a5 31. e7 Rf4 32. Rxc6 Kg7 33. Ree6 Kf7 34. Ne5+ Kg7 1-0

[Event "Bad Woerishofen Seniors op 17th"]
[Site "Bad Woerishofen"]
[Date "2001.03.16"]
[Round "2"]
[White "Schampel, Arno"]
[Black "Budde, Reinhard"]
[Result "1-0"]
[WhiteElo "1755"]
[BlackElo "1688"]
[PlyCount "68"]
[EventDate "2001.03.??"]
[EventType "swiss"]
[EventRounds "9"]
[EventCountry "GER"]
[SourceTitle "EXT 2002"]
[Source "ChessBase"]
[SourceDate "2001.11.25"]
[SourceVersion "1"]
[SourceVersionDate "2001.11.25"]
[SourceQuality "1"]

1. d4 Nf6 2. c4 g6 3. Nc3 Bg7 4. e4 d6 5. Bd3 0-0 6. Nge2 Nbd7 7. 0-0 Re8 8. Qc2 c6 9. h3 a6 10. Bf4 e5 11. Be3 exd4 12. Nxd4 Ne5 13. Be2 Qc7 14. Rad1 b5 15. cxb5 cxb5 16. Qb3 Bb7 17. f3 Rad8 18. Nc2 Ned7 19. Nb4 Nc5 20. Qc2 Ncd7 21. Rc1 Qa5 22. a3 d5 23. Bg5 Rc8 24. Qd3 Nc5 25. Qd1 dxe4 26. Bxf6 Bxf6 27. fxe4 Qb6 28. Nbd5 Bxd5 29. Nxd5 Rcd8 30. Nxf6+ Qxf6 31. Rxf6 Rxd1+ 32. Rxd1 Nxe4 33. Rc6 Ng3 34. Bf3 Nf5 1-0

[Event "Wch Seniors 07th"]
[Site "Bad Wildbad"]
[Date "1997.??.??"]
[Round "2"]
[White "Jakoby, Hans"]
[Black "Budde, Reinhard"]
[Result "1-0"]
[WhiteElo "1822"]
[BlackElo "1583"]
[PlyCount "85"]
[EventDate "1997.11.13"]
[EventType "swiss"]
[EventRounds "11"]
[EventCountry "GER"]
[SourceTitle "EXT 1999"]
[Source "ChessBase"]
[SourceDate "1998.11.16"]
[SourceVersion "1"]
[SourceVersionDate "1998.11.16"]
[SourceQuality "1"]

1. d4 Nf6 2. c4 g6 3. Nc3 Bg7 4. e4 d6 5. Be2 0-0 6. Bg5 Nbd7 7. Qd2 Re8 8. g4 c6 9. h4 Qc7 10. f3 e5 11. d5 a6 12. Be3 cxd5 13. cxd5 b5 14. Rc1 Qa5 15. h5 Nf8 16. b4 Qd8 17. Bd3 Bd7 18. Nge2 Rc8 19. Ng3 Bxg4 20. fxg4 Nxg4 21. Be2 Nxe3 22. Qxe3 Qf6 23. h6 Bh8 24. Bg4 Rc4 25. a3 Qf4 26. Qxf4 exf4 27. Nge2 Bxc3+ 28. Rxc3 Rxc3 29. Nxc3 f5 30. Bf3 Nd7 31. 0-0 Ne5 32. exf5 Nxf3+ 33. Rxf3 g5 34. Kf2 Kf7 35. Ne2 Re5 36. Rc3 Rxf5 37. Rc6 Rxd5 38. Rxa6 Kg6 39. Nc3 Rd3 40. Nxb5 Kxh6 41. Rxd6+ Rxd6 42. Nxd6 Kh5 43. b5 1-0